02046 a2200265 45000010003000000050017000030080041000200030015000610400040000760800039001162450044001550200022001992640043002213000023002645051168002871000027014557000025014827000024015077000026015317000025015577000026015827000020016087000024016288560128016522120260407155402.0260407a1991 arg spa dAR-UNSa-BCEJYS aAR-UNSa-BCEJYSbspacAR-UNSa-BCEJYS a657.6xAuditoria (control interno)10aAuditoriapun nuevo enfoque empresarial a978-950-537-162-4 1aBuenos Aires :bEdiciones Macchic1991 axvi, 790 p.c28 cm a1. Conceptos básicos de auditoría - 2. La profesión contable. Normas contables y de auditoría - 3. Enfoques de auditoría - 4. Proceso de auditoría - 5. Etapa de planificación - 6. Evidencia y procedimientos de auditoría - 7. Riesgo de auditoría - 8. Evaluación de los controles - 9. Documentación del proceso de auditoría - 10. Auditoría en ambientes computarizados - 11. Disponibilidades y tesorería - 12. Inversiones transitorias - 13. Ventas y cuentas a cobrar - 14. Otros créditos - 15. Compras y cuentas a cobrar - 16. Existencias y costos - 17. Inversiones en otras sociedades - 18. Bienes de uso/activos fijos y sus amortizaciones - 19. Bienes intangibles - 20. Deudas bancarias y financieras - 21. Costos y pasivos laborales - 22. Aspectos impositivos y deudas fiscales - 23. Contingencias - 24. Patrimonio neto - 25. Estado de resultados - 26. Estado de origen y aplicación de fondos - 27. Tareas de una primera auditoría - 28. Conclusión del exámen - 29. Informe del auditor - 30. Otros trabajos de auditoría - 31. Auditoría en la pequeña y mediana empresa - 32. Responsabilidad en el trabajo de auditoría 1 aSlosse, Carlos Alberto1 aGordicz, Juan Carlos1 aGiordano, Silvia P.1 aServideo, Federico A.1 aLópez Lado, Daniel1 aDreispiel, Gustavo F.1 aPace, Carlos A.1 aMarco, Daniel J. de41uhttps://biblioeco.unsa.edu.ar/pmb/images/libros/Auditoria Slosse, Carlos Alberto (1991).jpgyImagen de portadaqimage/jpeg